The Mayor's plan - is it working for London? (Record no. 75134)
[ view plain ]
| 000 -LEADER | |
|---|---|
| fixed length control field | 01410cab a2200217 4500 |
| 001 - CONTROL NUMBER | |
| control field | L129506 |
| 008 - FIXED-LENGTH DATA ELEMENTS--GENERAL INFORMATION | |
| fixed length control field | 050426n2005 000 0 eng u |
| 035 ## - SYSTEM CONTROL NUMBER | |
| System control number | (Sirsi) u129506 |
| 041 ## - LANGUAGE CODE | |
| Language code of text/sound track or separate title | eng |
| 100 ## - MAIN ENTRY--PERSONAL NAME | |
| Personal name | Robinson, Stephen |
| 245 #4 - TITLE STATEMENT | |
| Title | The Mayor's plan - is it working for London? |
| 260 ## - PUBLICATION, DISTRIBUTION, ETC. | |
| Date of publication, distribution, etc. | 2005 |
| 490 ## - SERIES STATEMENT | |
| Series statement | London Briefing |
| Volume/sequential designation | April 2005, 14-15(2) |
| 520 ## - SUMMARY, ETC. | |
| Summary, etc. | Reports on the progress on the London Plan approved in February 2004 and its influence on the London economy. The London Plan is the first new style regional spatial strategy, addressing economic, social and environmental issues in the city. Monitors progress on the local development frameworks, the sub-regional development frameworks, supplementary planning guidance provision. Focuses on: brownfield development; affordable housing targets; the state of the economy and; infrastructure. RICS London Policy Group is keeping a close watch on these strategic developments and points out their implications for London surveyors. |
| 590 ## - LOCAL NOTE (RLIN) | |
| Local note | IKA290405 |
| 650 ## - SUBJECT ADDED ENTRY--TOPICAL TERM | |
| Topical term or geographic name entry element | LONDON PLAN |
| 650 ## - SUBJECT ADDED ENTRY--TOPICAL TERM | |
| Topical term or geographic name entry element | Affordable housing |
| 9 (RLIN) | 6215 |
| 690 ## - LOCAL SUBJECT ADDED ENTRY--TOPICAL TERM (OCLC, RLIN) | |
| Topical term or geographic name as entry element | ENVIRONMENTAL AND LAND CONSULTANCY-PLANNING AND DEVELOPMENT-PLANNING GUIDANCE-LOCAL DEVELOPMENT PLANS |
| 856 ## - ELECTRONIC LOCATION AND ACCESS | |
| Uniform Resource Identifier | <a href="https://www.london.gov.uk/mayor/strategies/sds/monitoring_reports.jsp ">https://www.london.gov.uk/mayor/strategies/sds/monitoring_reports.jsp </a> |
| Public note | View London Plan annual monitoring report 1 January 2005 free of charge at www.london.gov.uk... |
| 942 ## - ADDED ENTRY ELEMENTS (KOHA) | |
| Suppress in OPAC | 0 |
| Withdrawn status | Lost status | Source of classification or shelving scheme | Damaged status | Not for loan | Home library | Current library | Shelving location | Date acquired | Total Checkouts | Full call number | Barcode | Date last seen | Copy number | Price effective from | Koha item type |
|---|---|---|---|---|---|---|---|---|---|---|---|---|---|---|---|
| Dewey Decimal Classification | London | London | Journal article | 26/04/2005 | L129506 | 129506-1001 | 06/08/2019 | 1 | 06/08/2019 | Journal article |